Quizzes
Events
Quiz Creation
Community
Videos
Private Events
Remove Ads
Sign In
Join for FREE
Feedback
Dark Mode
Quiz Categories
Sports
Geography
Music
Movies
Television
Just For Fun
Miscellaneous
History
Literature
Language
Science
Gaming
Entertainment
Religion
Holiday
For Kids
Quiz Lab
Recent
Popular Today
Quiz Kudos Today
Editor Picks
Curator Picks
Quizzes by...
Day
Popularity
Type
Ratings
Length
Year
Community
Subscriptions
Recent Discussions
Orange Saloon
Badges
Playlists
Quests
Create
Leaderboards
Showdown
Live 5
Trivia Bingo
Activity
Puzzle Library
Sporcle Events
Private Events
Virtual Trivia
Globe League
Become a Host
Pub Owners
SporcleCon
Opinionation
Our Games
Videos
Blog
Mobile Apps
Partnerships
Remove Ads and Go Orange
Feedback
Sports
Athletes
MLB
NBA
NHL
NFL
Soccer
Sports Teams
WWE
NCAA
Football
Premier League
Basketball
Baseball
Hockey
Golf
Tennis
Cricket
Rugby
Auto Racing
Olympics
World Cup
Sports
Athletes
MLB
NBA
NHL
NFL
Soccer
Sports Teams
WWE
NCAA
Football
Premier League
Basketball
Baseball
Hockey
Golf
Tennis
Cricket
Rugby
Auto Racing
Olympics
World Cup
Random Quiz
Search Sporcle
×
Quiz Lab
Quiz Lab
Sports
Career
Type in answers that appear in a list
Type in answers that appear in a list
Classic
Best Score? Go Orange.
Clubs Premierhip players began their careers Stats
Can you name the Clubs players began their careers?
By
BiologyBoy
10m
40 Questions
65 Plays
65 Plays
65 Plays
Comments
Comments
Give Quiz Kudos
Give Quiz Kudos
-
- Ratings
hide this ad
Forced Order
Answers have to be entered in order
Answers have to be entered in order
Replay
Link that replays current quiz
Next Quiz
Link to next quiz in quiz playlist
You Got
0%
They Got
Avg Score
34%
Avg Friend Score
Upgrade to see
Score Distribution
Jump to the score distribution portion of the page
Score
0/40
Timer
10:00
0
Plays Today
Player
Club
% Correct
Joe Cole
West Ham
90.8%
Gareth Bale
Southampton
89.2%
Wayne Rooney
Everton
83.1%
Aaron Ramsey
Cardiff City
75.4%
Robert Huth
Chelsea
69.2%
Scott Parker
Charlton Athletic
69.2%
Rio Ferdinand
West Ham
67.7%
Ashley Young
Watford
63.1%
Damien Duff
Blackburn
60%
Phil Jagielka
Sheffield United
55.4%
Robert Green
Norwich City
53.8%
Tim Cahill
Millwall
53.8%
Darren Bent
Ipswich Town
49.2%
Michael Dawson
Nottingham Forest
47.7%
Joe Hart
Shrewsbury Town
47.7%
Lee Cattermole
Middlesbrough
47.7%
Jermaine Jenas
Nottingham Forest
43.1%
Luke Young
Tottenham Hotspur
41.5%
Jerome Thomas
Arsenal
35.4%
Chris Kirkland
Coventry City
26.2%
Player
Club
% Correct
Andy Johnson
Birmingham City
26.2%
Dickson Etuhu
Preston North End
21.5%
Chris Smalling
Maidstone United
20%
Kevin Davies
Chesterfield
16.9%
Roger Johnson
Wycombe Wanderers
10.8%
Jermaine Beckford
Wealdstone
10.8%
Karl Henry
Stoke CIty
10.8%
Steven Caldwell
Newcastle United
10.8%
Dan Gosling
Plymouth Argyle
10.8%
Simon Cox
Reading
9.2%
Matt Jarvis
Gillingham
9.2%
Ryan Taylor
Tranmere Rovers
9.2%
Curtis Davies
Luton Town
9.2%
Keith Andrews
Wolves
7.7%
Nyron Nosworthy
Gillingham
7.7%
Mark Bunn
Northampton
7.7%
Neal Eardley
Oldham
6.2%
Dean Whitehead
Oxford City
6.2%
Scott Dann
Walsall
4.6%
George Elokobi
Dulwich Hamlet
3.1%
Quiz Playlist
Details
Report
Send in Message
Add To Playlist
Classic:
Type in answers that appear in a list
Forced Order:
Answers have to be entered in order
Last Updated: Feb 16, 2017
Quiz Scoreboard
CHALLENGE
Sign Up to Join the Scoreboard
Show All
Scores
Hide
Comments
May contain spoilers
Recently Published
1-10 Letter E Words III
by El_Dandy
Language
2m
One Thing in Common: World Cities II
by knightlancer
Geography
7m
Popular People in 1961
by mucciniale
History
6m
More to Explore
Quiz From the Vault
Featured Blog Post
Where Did the Easter Bunny Come From?
hide this ad
You Might Also Like...
Tags
Career
club
Player
Today's Top Quizzes in Sports
Browse Sports
hide this ad
Today's Top Quizzes in Career
Browse Career
Top Contributed Quizzes in Sports
1
Les meilleurs buteurs des matchs entre le PSG et l’OM
2
Les entraîneurs de l'OM et du PSG au 21e siècle
3
2022 World Cup Stars
4
FIFA Club World Cup Champions
5
Name the Premier League winners with different clubs
6
La finale Lions - Afrique du Sud 2021
7
Criteria MLB: Left Handed Sluggers
8
Players with Multiple 50 Home Run Seasons
9
MLB Players with Two .350 Batting Average Seasons
10
MLB Hall of Famer by Rings
Explore More
Trending Topics
Anime
Crossword
Marvel
Disney
Harry Potter
Kpop
NBA
Country
Pokémon
Soccer
NFL
The Office
WWE
Puzzle
Song
hide this ad
More By:
BiologyBoy
Quiz
Plays
Rating
Category
Featured
Created
WWE/WWF Wrestler's Nationalities
846
3.56
Sports
Apr 28, 2011
WWE 2011 Draft Participants
699
5.00
Sports
Apr 26, 2011
WWE Superstars Moved to TNA
484
3.25
Sports
Jul 2, 2011
10 Most Underused WWE Superstars
420
1.78
Sports
May 1, 2011
WWE Superstars TV Debut 2011-12
344
3.00
Sports
Jan 4, 2012
Go to Creator's Profile
Score Distribution
Quiz Creator Spotlight
BiologyBoy
Follow
Send a Message
Quizzes Created
-
Created Quiz Play Count
-
More By This Creator
Popular Quizzes Today
1
Find the US States - No Outlines Minefield
2
The Countries of the World
3
Popular People in 1961
4
Find the Countries of Europe - No Outlines Minefield
5
1-10 Letter E Words III
6
Find the US States
7
One Thing in Common: World Cities II
8
US States
More Sports Quizzes
NHL Stats Leaders (2010s)
Published
Trending Quizzes
1-10 Letter F Words
1-10 Letter G Words
Risky Map Clicking: Next State Alphabetically
1-10 Letter F Words II
Risky Map Clicking: States by Unique Starting Letters
Recently Updated
Leaping Animals
pecheneg
Reality TV Shows (A-Z)
bhenderson79
Rickey Henderson's Hall of Fame Teammates
pecheneg
Champions League XIs: Arsenal
pecheneg
Quick Pick: Celebrities in WWE's Hall of Fame
aduchscher
A-Z Keypad Blitz II
pecheneg
Multiple Oscar Actors
pecheneg
Mystery Phrase Blitz: Oscar 'Best Actors'
pecheneg
F. Scott Fitzgerald Novels
LTH
Pick 3 Villains
ddd62291
Trending Topics
Crossword
Marvel
NBA
Anime
Harry Potter
Kpop
Disney
Song
WWE
Country
NFL
Soccer
Puzzle
The Office
Pokémon
Your Account Isn't Verified!
In order to create a playlist on Sporcle, you need to verify the email address you used during registration. Go to your
Sporcle Settings
to finish the process.
Report this User
Report this user for behavior that violates our
Community Guidelines
.
Details:
Send Report
Go to the Sporcle.com Mobile Site →
Comments